| 000 | 00758nam a22002417a 4500 | ||
|---|---|---|---|
| 999 |
_c16191 _d16191 |
||
| 003 | AR-CdUCM | ||
| 008 | 190502b ||||| |||| 00| 0 spa d | ||
| 040 |
_aMUNICIPALIDAD PROVINCIAL DEL CUSCO _cBIBLIOTECA MUNICIPAL DEL CUSCO |
||
| 041 | _heng. | ||
| 082 |
_a618.1 / _bD14 |
||
| 100 |
_aDalsace, Jean _935481 |
||
| 245 | _aLa esterilidad / | ||
| 260 |
_aBuenos Aires : _bEUDEBA, _c1965. |
||
| 300 |
_a124 paginas ; _c20 cm. |
||
| 440 |
_a134 cuadernos de EUDEBA _935482 |
||
| 505 | _aContenido :La esterilidad masculina --La esterilidad femenina / | ||
| 650 |
_aEsterilidad _935483 |
||
| 650 |
_aMasculina _935484 |
||
| 650 |
_aFemenina _935485 |
||
| 700 |
_aElena Aida Nuss (traductor) _935486 |
||
| 942 |
_2ddc _cLIBROS |
||
| 945 |
_arjall _d2019-05-02 |
||